000 00713nam a2200193Ii 4500
003 JO-AjNU
008 230605s9999||||xx |||||||||||||| ||und||
040 _aJO-AjNU
_bara
_erda
_cJO-AjNU
041 _aara
050 1 4 _aPJ190.P3.43 1999
100 3 _aتأليف ياغي,عبد الرحمن,
_eauthor
_919264
245 0 0 _aفي النقد النظري نحو حركة نقد أدبي راسخة
264 3 1 _aعمان:الدار العربية للنشر والتوزيع,1999
300 _a112ص
336 _atext
_btxt
_2rdacontent
337 _aunmediated
_bn
_2rdamedia
338 _avolume
_bnc
_2rdacarrier
650 4 _aالنقد-النقد النظري نحو حركة نقد أدبي راسخة
_919265
999 _aA6320
_c9888
_d9888